Normal view MARC view
  • Success

Entry Topical Term

Number of records used in: 44

001 - CONTROL NUMBER

  • control field: 2

003 - CONTROL NUMBER IDENTIFIER

  • control field: OSt

005 - DATE AND TIME OF LATEST TRANSACTION

  • control field: 20170412102807.0

008 - FIXED-LENGTH DATA ELEMENTS

  • fixed length control field: 170412|| aca||aabn | a|a d

040 ## - CATALOGING SOURCE

  • Original cataloging agency: OSt
  • Transcribing agency: OSt

150 ## - HEADING--TOPICAL TERM

  • Topical term or geographic name entry element: Success

670 ## - SOURCE DATA FOUND

  • Source citation: Work cat.: (OSt)0: Hill, Napoleon, 1883-1970 1, Menjadi kaya dengan kedamaian fikiran , 1999
Pusat Sumber Maklumat Dato' Haji Sarmin Md Hussin, Akademi Kastam Diraja Malaysia, Melaka
Tel: 06-2331106 | Faks: 06-2313787